000 00666nam a22001937a 4500
005 20251108164737.0
008 250721s1991 xx 000 0 ara d
082 1 4 _a812.9624/محم
100 1 _aغانم، محمد عبده
245 1 0 _aالملك و أروى :
_bمسرحية من أربعة فصول /
246 1 3 _aعامر بن عبد الوهاب : مسرحية شعرية في 4 فصول
264 1 _aالخرطوم :
_bدار جامعة الخرطوم،
_c1991.
300 _a115ص
490 0 _aالسلسلة المسرحية :1
650 1 7 _aالمسرحيات العربية
650 1 7 _aالسودان
942 _2ddc
_cBK
999 _c13274
_d13274